All Sidemen charity match players - Statistics

General Stats
  • This quiz has been taken 183 times
  • The average score is 26 of 73
Answer Stats
Hint Answer % Correct
GOAT Miniminter
95%
KSI
94%
W2S
94%
Vikkstar123
93%
Behzinga
92%
Zerkaa
92%
TBJZL
87%
ChrisMD
70%
MrBeast
69%
Calfreezy
65%
Callux
65%
IShowSpeed
63%
Manny
63%
Niko
61%
Chunkz
60%
Deji
56%
Theo Baker
56%
Randolph
53%
JME
52%
Angry Ginge
51%
Cal the Dragon
50%
Kai Cenat
49%
WillNE
49%
Yung Filly
47%
Max Fosh
46%
Chandler
44%
DannyAarons
44%
KarlJacobs
44%
Pieface
44%
Harry Pinero
39%
Lazarbeam
39%
TheBurntChip
37%
Ricegum
33%
Joe Weller
30%
Lachlan
28%
Noah Beck
27%
Chris Tyson
26%
JiDion
26%
Stephen Tries
25%
hughwizzy
24%
Duke Dennis
21%
REEV
20%
Tareq
20%
Charlie Morley
19%
GeorgeNotFound
19%
Joe Sugg
19%
JMX
17%
Kon
17%
JackSepticEye
16%
AboFlah
15%
Faze Adapt
14%
Airrack
13%
Nepenthez
13%
King Bach
12%
Caspar
11%
Keemstar
11%
Lewis Redman
11%
P Money
11%
Alfie Deyes
10%
bateson87
9%
Josh Pieters
8%
OliWhiteTV
8%
TobiiasGaming
8%
CapgunTom
7%
Marcus Butler
7%
RomellTGF
7%
BajanCanadian
6%
David Vujanic
6%
JayTGF
6%
Mo Vlogs
6%
HurderOfBuffalo
4%
AnEnsonGib
1%
Filthy Fellas
1%
No matching quizzes found
Score Distribution
Percent of People with Each Score
Percentile by Number Answered
Your Score History
You have not taken this quiz